[Event "shannendoah"]
[Site "http://www.queenalice.com/game.php?id=52627"]
[Date "2006.2.12"]
[Round "-"]
[White "shannendoah"]
[Black "appalachia"]
[Result "1-0"]
[WhiteElo "1313"]
[BlackElo "1301"]

1. g3 d5 2. Nc3 c5 3. e4 d4 4. d3 e5 5. Nd5 Be6 6. c4 Bxd5 7. cxd5 Qc7 8. Qa4+
Qd7 9. Qa3 Be7 10. Be2 Qc7 11. Nf3 c4 12. Qa4+ Qd7 13. Qxd7+ Nxd7 14. Nxe5 Bb4+
15. Bd2 Bxd2+ 16. Kxd2 Nxe5 17. dxc4 Nf6 18. f3 Ned7 19. Kd3 O-O 20. Kd2 a6 21.
Kd3 b5 22. Kxd4 bxc4 23. Rhc1 Rfc8 24. b3 cxb3 25. e5 Ne8 26. Rxc8 Rxc8 27. Bxa6
Rc2 28. axb3 Rxh2 29. Bb5 Rd2+ 30. Ke4 Nc5+ 31. Kf4 Kf8 32. Ra8 Nxb3 33. Rxe8#
1-0

[Event "shannendoah"]
[Site "http://www.queenalice.com/game.php?id=52628"]
[Date "2006.2.12"]
[Round "-"]
[White "shannendoah"]
[Black "Gambit13"]
[Result "0-1"]
[WhiteElo "1267"]
[BlackElo "1593"]

1. d4 Nf6 2. c3 e6 3. Qd2 c5 4. e3 d5 5. c4 Nc6 6. cxd5 Nxd5 7. Bc4 cxd4 8. exd4
Nb6 9. Qd3 Nxc4 10. Qxc4 Qxd4 11. Na3 Bb4+ 12. Ke2 Bxa3 13. Qxd4 Nxd4+ 14. Kd1
Bd6 15. Nf3 Nxf3 16. gxf3 Bd7 17. f4 Ke7 18. Be3 b6 19. Rg1 g6 20. Bd4 Rhc8 21.
Be3 Rc4 22. Rc1 Rxc1+ 23. Kxc1 Rc8+ 24. Kd2 Rc4 25. Rc1 Rxc1 26. Kxc1 Bc5 27. b3
Bxe3+ 28. Kc2 Bxf4 29. h3 g5 30. Kb2 e5 31. a4 Bxh3 0-1

[Event "shannendoah"]
[Site "http://www.queenalice.com/game.php?id=52629"]
[Date "2006.2.12"]
[Round "-"]
[White "shannendoah"]
[Black "Edgar"]
[Result "0-1"]
[WhiteElo "1366"]
[BlackElo "1983"]

1. Nf3 Nc6 2. d4 d5 3. Nc3 Nf6 4. e3 Bd7 5. Bd2 e6 6. Ne5 Bd6 7. Nd3 e5 8. dxe5
Nxe5 9. Qf3 Bc6 10. Qe2 Nc4 11. Nf4 Nxb2 12. Rb1 Nc4 13. Rb3 O-O 14. Nd1 Ne4 15.
Bc1 Qf6 16. Rb1 Bxf4 17. exf4 Rae8 18. Qd3 Nc5+ 19. Qe2 Qd4 20. Ne3 Qc3+ 21. Kd1
b6 22. Bd2 Nxd2 23. Qxd2 Ne4 24. Qe2 Qd4+ 25. Qd3 Nxf2+ 26. Ke1 Rxe3+ 27. Qxe3
Qxe3+ 28. Be2 Re8 29. Rf1 Qxe2# 0-1

[Event "Challenge"]
[Site "http://www.queenalice.com/game.php?id=52883"]
[Date "2006.2.14"]
[Round "-"]
[White "war_supporter"]
[Black "shannendoah"]
[Result "1-0"]
[WhiteElo "1606"]
[BlackElo "1328"]

1. e4 d5 2. exd5 Qxd5 3. Nc3 Qd8 4. d4 Nc6 5. Nf3 e5 6. Be3 Bf5 7. a3 Be7 8. Bc4
Nf6 9. h3 e4 10. Nh2 Na5 11. Bb3 Nxb3 12. cxb3 Nd7 13. Qc2 Nf6 14. O-O Bd6 15.
Rad1 O-O 16. f3 Nd5 17. Nxd5 exf3 18. Qxf5 c6 19. Nf4 Re8 20. Rxf3 g6 21. Qd3 b5
22. d5 cxd5 23. Nxd5 Re6 24. Nf6+ Kg7 25. Bd4 Qe7 26. Nd5+ Kg8 27. Nxe7+ Bxe7
28. Qxb5 Bd6 29. Qb7 Rae8 30. Qxf7# 1-0

[Event "AUTO-OPEN-255"]
[Site "http://www.queenalice.com/game.php?id=64657"]
[Date "2006.4.21"]
[Round "1"]
[White "KGrob"]
[Black "shannendoah"]
[Result "1-0"]
[WhiteElo "1577"]
[BlackElo "1422"]

1. g4 Nf6 2. g5 Nd5 3. d4 f6 4. e4 Nb6 5. Nf3 d5 6. Qe2 Be6 7. Nc3 h6 8. gxf6
exf6 9. exd5 Qe7 10. dxe6 Nc6 11. d5 Nd8 12. Nh4 g5 13. Ng6 Qg7 14. Nxh8 Qxh8
15. Nb5 Qh7 16. Qh5+ Nf7 17. Bd3 Qg8 18. Nxc7+ Kd8 19. exf7 Bb4+ 20. c3 Qf8 21.
Ne6+ Ke7 22. Nxf8 Rxf8 23. cxb4 Rxf7 24. d6+ Ke6 25. O-O Rd7 26. Qe8+ Kxd6 27.
Bb5 1-0

[Event "AUTO-OPEN-255"]
[Site "http://www.queenalice.com/game.php?id=64658"]
[Date "2006.4.21"]
[Round "1"]
[White "shannendoah"]
[Black "KGrob"]
[Result "0-1"]
[WhiteElo "1439"]
[BlackElo "1551"]

1. g3 e5 2. Bg2 d5 3. e4 dxe4 4. Ne2 f5 5. O-O Nf6 6. Nec3 Bc5 7. Qe1 Nc6 8. d3
Nb4 9. Qd1 O-O 10. dxe4 Qxd1 11. Nxd1 Nxc2 12. Be3 Bd6 13. Na3 Nxa1 14. Nc3 Bxa3
15. Rxa1 Bxb2 16. Rb1 Bxc3 17. Rb5 c6 18. Rb3 Ba5 19. Rd3 fxe4 20. Rd1 Be6 21.
Rb1 b5 22. Rd1 Bd5 23. Rf1 Bb6 0-1

[Event "AUTO-OPEN-255"]
[Site "http://www.queenalice.com/game.php?id=64705"]
[Date "2006.4.21"]
[Round "1"]
[White "shannendoah"]
[Black "Arkanus"]
[Result "1-0"]
[WhiteElo "1427"]
[BlackElo "1229"]

1. d4 e6 2. e3 Bb4+ 3. Bd2 a5 4. Bxb4 axb4 5. c3 bxc3 6. bxc3 Nh6 7. d5 O-O 8.
Bc4 Qf6 9. Nf3 d6 10. O-O Ng4 11. Re1 c6 12. dxe6 1-0

[Event "AUTO-OPEN-255"]
[Site "http://www.queenalice.com/game.php?id=64706"]
[Date "2006.4.21"]
[Round "1"]
[White "Arkanus"]
[Black "shannendoah"]
[Result "0-1"]
[WhiteElo "1229"]
[BlackElo "1412"]

1. e4 d5 2. Nc3 c6 3. d3 e5 4. exd5 cxd5 5. Qe2 d4 6. Qxe5+ Qe7 7. Nf3 dxc3 8.
bxc3 Nc6 9. Qe4 Nf6 10. Ba3 Nxe4 11. dxe4 Qxa3 12. Ng5 Qxc3+ 0-1